000 00290nam a2200121Ia 4500
008 190216s9999||||xx |||||||||||||| ||und||
100 _aSankarnarayanan R
245 0 _aNew Plan Supplementary Readers
260 _bOrient Longman
_c1961
300 _a50p
650 _aSpeeches
942 _cBK
999 _c11746
_d11746